Statistics for Capitals Closest to Washington DC; A to Z

Click here to take the quiz!

General Stats

  • This quiz has been taken 172 times
  • The average score is 10 of 25

Answer Stats

HintAnswer% Correct
OOttawa
85%
BBoston
68%
AAnnapolis
58%
RRichmond
56%
DDover
52%
QQuebec City
52%
HHarrisburg
50%
IIndianapolis
50%
CCharleston
48%
NNashville
45%
TTrenton
40%
FFrankfort
39%
PProvidence
39%
LLansing
33%
MMontpelier
33%
SSpringfield
32%
ZZagreb
32%
KKingston
31%
EEdmonton
27%
GGuatemala City
27%
JJefferson City
24%
WWinnipeg
22%
UUlan Bator
16%
VVictoria
15%
YYellowknife
15%

Score Distribution

Percentile by Number Answered

Percent of People with Each Score

Your Score History

You have not taken this quiz